In the community's best interest (Record no. 71127)

MARC details
000 -LEADER
fixed length control field 01133cam a2200241 4500
001 - CONTROL NUMBER
control field ABS65883
008 - FIXED-LENGTH DATA ELEMENTS--GENERAL INFORMATION
fixed length control field 020910n2002 000 0 eng u
035 ## - SYSTEM CONTROL NUMBER
System control number (Sirsi) u119653
100 ## - MAIN ENTRY--PERSONAL NAME
Personal name Brown, C.
245 ## - TITLE STATEMENT
Title In the community's best interest
260 ## - PUBLICATION, DISTRIBUTION, ETC.
Date of publication, distribution, etc. 2002
490 ## - SERIES STATEMENT
Series statement Regeneration and Renewal
Volume/sequential designation 30 August 2002, 10(1)
520 ## - SUMMARY, ETC.
Summary, etc. Highlights the difficulty local authorities have in undertaking urban regeneration. The Local Government Act 1972 s123 prevents local authorities from selling the land assets they have for anything other than the highest cash price. Points out that the Local Government Act 2000 improves this position by giving local authorities a responsibility for the social, economic and environmental well-being of communities. Argues for the amendment of s123 to accord with the Local Government Act 2000.
590 ## - LOCAL NOTE (RLIN)
Local note ABS
650 ## - SUBJECT ADDED ENTRY--TOPICAL TERM
Topical term or geographic name entry element LOCAL GOVERNMENT ACT 1972
650 ## - SUBJECT ADDED ENTRY--TOPICAL TERM
Topical term or geographic name entry element LOCAL GOVERNMENT ACT 2000
650 ## - SUBJECT ADDED ENTRY--TOPICAL TERM
Topical term or geographic name entry element LOCAL GOVERNMENT BILL
650 ## - SUBJECT ADDED ENTRY--TOPICAL TERM
Topical term or geographic name entry element COMMUNITY BENEFIT
650 ## - SUBJECT ADDED ENTRY--TOPICAL TERM
Topical term or geographic name entry element LOCAL AUTHORITIES
650 ## - SUBJECT ADDED ENTRY--TOPICAL TERM
Topical term or geographic name entry element Compulsory purchase
9 (RLIN) 6228
690 ## - LOCAL SUBJECT ADDED ENTRY--TOPICAL TERM (OCLC, RLIN)
Topical term or geographic name as entry element REGENERATION
942 ## - ADDED ENTRY ELEMENTS (KOHA)
Suppress in OPAC 0
Holdings
Withdrawn status Lost status Source of classification or shelving scheme Damaged status Not for loan Home library Current library Shelving location Date acquired Total Checkouts Full call number Barcode Date last seen Copy number Price effective from Koha item type
    Dewey Decimal Classification     London London Journal article 10/09/2002   ABS65883 119653-1001 06/08/2019 1 06/08/2019 Journal article